Vidas de filósofos ilustres

Gardado en:
Detalles Bibliográficos
Autor Principal: Diógenes Laercio (Author)
Formato: Libro
Idioma:Lingua castelá
Publicado: Barcelona Iberia 1962
Series:Obras Maestras
Subjects:
Tags: Engadir etiqueta
Sen Etiquetas, Sexa o primeiro en etiquetar este rexistro!

MARC

LEADER 00000nam a2200000 a 4500
001 UCO5144
003 CL-VaPUC
008 000825e19620000SP |||||||||||||||||spa|d
082 0 4 |a 921.9  |b DIO  |2 21 
100 |a Diógenes Laercio  |e author  |9 449895 
245 1 0 |a Vidas de filósofos ilustres 
300 |a v 
942 |c BK 
945 |d 20000825 00:00:00  |a crobeson 
260 |a Barcelona  |b Iberia  |c 1962 
650 0 |a Biografías clásicas  |9 265901 
650 0 |a Filósofos griegos  |9 267553 
583 |a last modification  |c 20000825 00:00:00  |k Rodrigo Vera 
490 0 |a Obras Maestras 
999 |c 291096  |d 291094 
952 |0 0  |1 0  |4 0  |6 921_900000000000000_DIO_1962  |7 0  |8 A  |9 340761  |a BIBART  |b BIBART  |d 2019-11-20  |h v.1  |i 1219480  |o 921.9 DIO 1962  |p 1219480  |r 2025-03-13  |w 2019-11-20  |y BK  |k ART 
952 |0 0  |1 0  |4 0  |6 921_900000000000000_DIO_1962  |7 0  |8 A  |9 340762  |a BIBART  |b BIBART  |d 2019-11-20  |h v.2  |i 1219499  |o 921.9 DIO 1962  |p 1219499  |r 2025-03-13  |w 2019-11-20  |y BK  |k ART 
952 |0 0  |1 0  |4 0  |6 921_900000000000000_DIO_1962  |7 0  |8 P  |9 340763  |a BIBARQ  |b BIBARQ  |d 2019-11-20  |h v.1  |i 3620972  |o 921.9 DIO 1962  |p 3620972  |r 2025-01-20  |w 2019-11-20  |y BK  |k ARQ 
952 |0 0  |1 0  |4 0  |6 921_900000000000000_DIO_1962  |7 0  |8 P  |9 340764  |a BIBARQ  |b BIBARQ  |d 2019-11-20  |h v.2  |i 3620980  |o 921.9 DIO 1962  |p 3620980  |r 2025-01-20  |w 2019-11-20  |y BK  |k ARQ 
952 |0 0  |1 0  |4 0  |6 921_900000000000000_DIO_1962  |7 0  |8 P  |9 340765  |a BIBARQ  |b BIBARQ  |d 2019-11-20  |h v.1  |i 266495K  |o 921.9 DIO 1962  |p 266495K  |r 2025-01-20  |w 2019-11-20  |y BK  |k ARQ 
952 |0 0  |1 0  |4 0  |6 921_900000000000000_DIO_1962  |7 0  |8 P  |9 340766  |a BIBARQ  |b BIBARQ  |d 2019-11-20  |h v.2  |i 2664968  |o 921.9 DIO 1962  |p 2664968  |r 2025-01-20  |w 2019-11-20  |y BK  |k ARQ 
952 |0 0  |1 0  |4 0  |6 921_900000000000000_DIO_1962  |7 0  |8 P  |9 340767  |a BIBEDU  |b BIBEDU  |c BIBEDU_PB  |d 2019-11-20  |h v.1  |i 1501216  |o 921.9 DIO 1962  |p 1501216  |r 2024-01-25  |w 2019-11-20  |y BK  |k FIL 
952 |0 0  |1 0  |4 0  |6 921_900000000000000_DIO_1962  |7 0  |8 P  |9 340768  |a BIBEDU  |b BIBEDU  |c BIBEDU_PB  |d 2019-11-20  |h v.2  |i 1501224  |o 921.9 DIO 1962  |p 1501224  |r 2024-01-25  |w 2019-11-20  |y BK  |k FIL